El Aparato contrarrevolucionario de los Estados Unidos: la ofensiva chilena

Zapisane w:
Opis bibliograficzny
Format: Texto
Etykiety: Dodaj etykietę
Nie ma etykietki, Dołącz pierwszą etykiete!

MARC

LEADER 00000 a a2200000 04500
001 2628
003
040
245 |a El Aparato contrarrevolucionario de los Estados Unidos:   |b la ofensiva chilena  
773 |g número 92; páginas 3-26  
999 |c 34929  |d 34929